[Event "European Online Club-ch-B 2021"]
[Site "Online"]
[Date "2021.03.27"]
[Round "8.17"]
[White "Santos Latasa, Jaime"]
[Black "Gorodetzky, David"]
[Result "1-0"]
[WhiteElo "2608"]
[BlackElo "2495"]
[Annotator "ChessBase"]
[PlyCount "97"]
[EventDate "2021.03.27"]
[EventType "team-tourn"]
[EventCountry "NET"]
[SourceTitle "playchess.com"]
[Source "ChessBase"]
[SourceQuality "1"]
[TimeControl "900+5"]

1. d4 {[%emt 0:00:00]} Nf6 {[%emt 0:00:04]} 2. c4 {[%emt 0:00:04]} e6 {[%emt 0:00:03]} 3. Nf3 {[%emt 0:00:02]} d5 {[%emt 0:00:02]} 4. g3 {[%emt 0:00:09]} dxc4 {[%emt 0:00:17]} 5. Bg2 {[%emt 0:00:04]} a6 {[%emt 0:00:01]} 6. Ne5 {[%emt 0:00:12]} c5 {[%emt 0:00:02]} 7. dxc5 {[%emt 0:00:09]} Qxd1+ {[%emt 0:00:36]} 8. Kxd1 {[%emt 0:00:03]} Bxc5 {[%emt 0:00:01]} 9. Nd2 {[%emt 0:00:02]} Ra7 {[%emt 0:00:34]} 10. Ndxc4 {[%emt 0:01:40]} b5 {[%emt 0:00:04]} 11. Na5 {[%emt 0:00:08]} O-O {[%emt 0:01:35]} 12. Bd2 {[%emt 0:00:11]} Bd6 {[%emt 0:01:35]} 13. Nd3 {[%emt 0:00:38]} e5 {[%emt 0:00:07]} 14. e4 {[%emt 0:00:37]} Rd8 {[%emt 0:00:15]} 15. Ke2 {[%emt 0:00:04]} Be6 {[%emt 0:03:35]} 16. Rhc1 {[%emt 0:02:28]} Rad7 {[%emt 0:00:30]} 17. Be1 {[%emt 0:00:11]} h5 {[%emt 0:02:18]} 18. f3 {[%emt 0:00:52]} Ne8 {[%emt 0:01:22]} 19. Rc2 {[%emt 0:00:59]} f6 {[%emt 0:00:31]} 20. Rac1 {[%emt 0:00:29]} Kf7 {[%emt 0:00:42]} 21. Bb4 {[%emt 0:03:23]} g5 {[%emt 0:00:46]} 22. b3 {[%emt 0:00:06]} g4 {[%emt 0:00:10]} 23. f4 {[%emt 0:00:08]} exf4 {[%emt 0:00:12]} 24. gxf4 {[%emt 0:00:03]} f5 {[%emt 0:00:03]} 25. e5 {[%emt 0:00:05]} Be7 {[%emt 0:00:50]} 26. Bxe7 {[%emt 0:00:09]} Rxe7 {[%emt 0:00:03]} 27. Nc5 {[%emt 0:00:07]} Bd5 {[%emt 0:00:17]} 28. Nab7 {[%emt 0:00:29]} Bxb7 {[%emt 0:00:19]} 29. Nxb7 {[%emt 0:00:03]} Rdd7 {[%emt 0:00:07]} 30. Nc5 {[%emt 0:00:12]} Rd8 {[%emt 0:00:02]} 31. Ke3 {[%emt 0:00:15]} Nf6 {[%emt 0:00:17]} 32. Rd2 {[%emt 0:00:13]} Rc8 {[%emt 0:00:12]} 33. Rcc2 {[%emt 0:00:25]} Nbd7 {[%emt 0:00:08]} 34. Nxd7 {[%emt 0:00:59]} Rxc2 {[%emt 0:00:02]} 35. Rxc2 {[%emt 0:00:05]} Nxd7 {[%emt 0:00:06]} 36. Kd4 {[%emt 0:00:11]} Nf8 {[%emt 0:00:04]} 37. Bd5+ {[%emt 0:00:34]} Kg7 {[%emt 0:00:03]} 38. Rc6 {[%emt 0:00:07]} h4 {[%emt 0:00:05]} 39. Rf6 {[%emt 0:00:17]} Rc7 {[%emt 0:00:10]} 40. Rxf5 {[%emt 0:00:04]} Rc2 {[%emt 0:00:02]} 41. Rg5+ {[%emt 0:00:02]} Kh6 {[%emt 0:00:03]} 42. Rxg4 {[%emt 0:00:03]} Rxh2 {[%emt 0:00:01]} 43. e6 {[%emt 0:00:08]} Ng6 {[%emt 0:00:13]} 44. Be4 {[%emt 0:00:35]} Ne7 {[%emt 0:00:06]} 45. f5 {[%emt 0:00:03]} Rf2 {[%emt 0:00:03]} 46. Rxh4+ {[%emt 0:00:18]} Kg5 {[%emt 0:00:02]} 47. Rh7 {[%emt 0:00:02]} Nxf5+ {[%emt 0:00:04]} 48. Bxf5 {[%emt 0:00:03]} Kxf5 {[%emt 0:00:05]} 49. Rf7+ {[%emt 0:00:03]} 1-0

[Event "European Online Club-ch-B 2021"]
[Site "Online"]
[Date "2021.03.27"]
[Round "8.19"]
[White "Matnadze, Ana"]
[Black "Parkhov, Yair"]
[Result "1/2-1/2"]
[WhiteElo "2421"]
[BlackElo "2407"]
[Annotator "NA"]
[PlyCount "262"]
[EventDate "2021.03.27"]
[EventType "team-tourn"]
[EventCountry "NET"]
[SourceTitle "playchess.com"]
[Source "ChessBase"]
[SourceQuality "1"]
[TimeControl "900+5"]

1. d4 {[%emt 0:00:00]} Nf6 {[%emt 0:00:03]} 2. Nf3 {[%emt 0:00:03]} c5 {[%emt 0:00:01]} 3. d5 {[%emt 0:00:02]} e6 {[%emt 0:00:02]} 4. c4 {[%emt 0:00:02]} exd5 {[%emt 0:00:01]} 5. cxd5 {[%emt 0:00:01]} d6 {[%emt 0:00:01]} 6. Nc3 {[%emt 0:00:02]} g6 {[%emt 0:00:01]} 7. g3 {[%emt 0:00:01]} Bg7 {[%emt 0:00:02]} 8. Bg2 {[%emt 0:00:01]} O-O {[%emt 0:00:01]} 9. O-O {[%emt 0:00:01]} Re8 {[%emt 0:00:01]} 10. Bf4 {[%emt 0:00:05]} Bf5 {[%emt 0:00:22]} 11. Qb3 {[%emt 0:00:36]} Na6 {[%emt 0:01:42]} 12. Nd2 {[%emt 0:00:26]} Nh5 {[%emt 0:01:02]} 13. Be3 {[%emt 0:01:07]} Nb4 {[%emt 0:00:44]} 14. Nde4 {[%emt 0:01:29]} a5 {[%emt 0:01:30]} 15. a3 {[%emt 0:00:16]} a4 {[%emt 0:00:29]} 16. Nxa4 {[%emt 0:01:30]} Nxd5 {[%emt 0:03:11]} 17. Bg5 {[%emt 0:02:24]} Ndf6 {[%emt 0:00:03]} 18. Nac3 {[%emt 0:00:49]} h6 {[%emt 0:01:40]} 19. Nxf6+ {[%emt 0:00:28]} Nxf6 {[%emt 0:00:03]} 20. Bxf6 {[%emt 0:01:04]} Qxf6 {[%emt 0:00:00]} 21. Rfd1 {[%emt 0:00:30]} Rab8 {[%emt 0:01:04]} 22. Qb6 {[%emt 0:00:17]} Qd8 {[%emt 0:00:47]} 23. Rxd6 {[%emt 0:00:36]} Qxb6 {[%emt 0:00:04]} 24. Rxb6 {[%emt 0:00:01]} Bxc3 {[%emt 0:00:05]} 25. bxc3 {[%emt 0:00:03]} Rxe2 {[%emt 0:00:01]} 26. Rxb7 {[%emt 0:00:32]} Rd8 {[%emt 0:00:09]} 27. a4 {[%emt 0:00:32]} Rdd2 {[%emt 0:00:23]} 28. a5 {[%emt 0:01:10]} Rxf2 {[%emt 0:00:06]} 29. Bc6 {[%emt 0:00:03]} Ra2 {[%emt 0:00:38]} 30. Rxa2 {[%emt 0:00:31]} Rxa2 {[%emt 0:00:00]} 31. Ra7 {[%emt 0:00:18]} Be6 {[%emt 0:00:15]} 32. a6 {[%emt 0:00:15]} Bc4 {[%emt 0:00:07]} 33. Ra8+ {[%emt 0:00:06]} Kg7 {[%emt 0:00:03]} 34. Bb7 {[%emt 0:00:25]} g5 {[%emt 0:00:35]} 35. Rc8 {[%emt 0:00:28]} Bxa6 {[%emt 0:00:07]} 36. Bxa6 {[%emt 0:00:03]} Rxa6 {[%emt 0:00:02]} 37. Rxc5 {[%emt 0:00:02]} Ra2 {[%emt 0:00:02]} 38. h3 {[%emt 0:00:17]} Kg6 {[%emt 0:00:06]} 39. Kh1 {[%emt 0:00:03]} h5 {[%emt 0:00:06]} 40. Kg1 {[%emt 0:00:03]} f6 {[%emt 0:00:03]} 41. Kh1 {[%emt 0:00:03]} Rc2 {[%emt 0:00:05]} 42. Kg1 {[%emt 0:00:02]} Kf7 {[%emt 0:00:06]} 43. Rc6 {[%emt 0:00:04]} Kg7 {[%emt 0:00:08]} 44. Rc7+ {[%emt 0:00:04]} Kg6 {[%emt 0:00:01]} 45. Rc5 {[%emt 0:00:02]} f5 {[%emt 0:00:11]} 46. Rc6+ {[%emt 0:00:03]} Kg7 {[%emt 0:00:02]} 47. Kh1 {[%emt 0:00:04]} Rd2 {[%emt 0:00:12]} 48. Kg1 {[%emt 0:00:02]} Kf7 {[%emt 0:00:19]} 49. Kh1 {[%emt 0:00:03]} g4 {[%emt 0:00:09]} 50. hxg4 {[%emt 0:00:04]} hxg4 {[%emt 0:00:00]} 51. Kg1 {[%emt 0:00:03]} Ke7 {[%emt 0:00:02]} 52. Kf1 {[%emt 0:00:03]} Rd3 {[%emt 0:00:05]} 53. Kg2 {[%emt 0:00:05]} Rf3 {[%emt 0:00:16]} 54. c4 {[%emt 0:00:21]} Kd7 {[%emt 0:00:05]} 55. Rf6 {[%emt 0:00:06]} Ke7 {[%emt 0:00:15]} 56. Rc6 {[%emt 0:00:02]} Rc3 {[%emt 0:00:01]} 57. Kf2 {[%emt 0:00:04]} Kf7 {[%emt 0:00:07]} 58. Kg2 {[%emt 0:00:03]} Rc2+ {[%emt 0:00:01]} 59. Kf1 {[%emt 0:00:03]} Ke7 {[%emt 0:00:02]} 60. Kg1 {[%emt 0:00:04]} Ra2 {[%emt 0:00:07]} 61. Kf1 {[%emt 0:00:03]} Kd7 {[%emt 0:00:11]} 62. Rf6 {[%emt 0:00:03]} Ra5 {[%emt 0:00:03]} 63. Ke2 {[%emt 0:00:05]} Ke7 {[%emt 0:00:04]} 64. Rc6 {[%emt 0:00:07]} Ra3 {[%emt 0:00:12]} 65. Kf2 {[%emt 0:00:02]} Rb3 {[%emt 0:00:07]} 66. Kg2 {[%emt 0:00:04]} Re3 {[%emt 0:00:06]} 67. Kf2 {[%emt 0:00:03]} Re5 {[%emt 0:00:06]} 68. Kg2 {[%emt 0:00:06]} Kd7 {[%emt 0:00:02]} 69. Rf6 {[%emt 0:00:08]} Rc5 {[%emt 0:00:03]} 70. Kf2 {[%emt 0:00:07]} Ke7 {[%emt 0:00:01]} 71. Ra6 {[%emt 0:00:06]} Rxc4 {[%emt 0:00:02]} 72. Ke3 {[%emt 0:00:07]} Re4+ {[%emt 0:00:07]} 73. Kf2 {[%emt 0:00:02]} Re6 {[%emt 0:00:03]} 74. Ra7+ {[%emt 0:00:03]} Kf6 {[%emt 0:00:02]} 75. Ra5 {[%emt 0:00:01]} Rb6 {[%emt 0:00:04]} 76. Rc5 {[%emt 0:00:03]} Ke6 {[%emt 0:00:06]} 77. Kg2 {[%emt 0:00:04]} Rb2+ {[%emt 0:00:04]} 78. Kf1 {[%emt 0:00:03]} Rd2 {[%emt 0:00:01]} 79. Ra5 {[%emt 0:00:03]} Rd5 {[%emt 0:00:02]} 80. Ra4 {[%emt 0:00:15]} Ke5 {[%emt 0:00:02]} 81. Ke2 {[%emt 0:00:05]} Rd4 {[%emt 0:00:04]} 82. Ra8 {[%emt 0:00:09]} Re4+ {[%emt 0:00:13]} 83. Kf2 {[%emt 0:00:04]} Rb4 {[%emt 0:00:09]} 84. Re8+ {[%emt 0:00:05]} Kd4 {[%emt 0:00:03]} 85. Rd8+ {[%emt 0:00:05]} Ke4 {[%emt 0:00:04]} 86. Re8+ {[%emt 0:00:03]} Kd3 {[%emt 0:00:02]} 87. Rd8+ {[%emt 0:00:06]} Rd4 {[%emt 0:00:01]} 88. Rf8 {[%emt 0:00:04]} Rd5 {[%emt 0:00:03]} 89. Rb8 {[%emt 0:00:15]} Kd2 {[%emt 0:00:09]} 90. Rc8 {[%emt 0:00:07]} Rd3 {[%emt 0:00:05]} 91. Re8 {[%emt 0:00:03]} Rf3+ {[%emt 0:00:04]} 92. Kg2 {[%emt 0:00:03]} Re3 {[%emt 0:00:02]} 93. Rf8 {[%emt 0:00:07]} Re2+ {[%emt 0:00:07]} 94. Kf1 {[%emt 0:00:04]} Re5 {[%emt 0:00:02]} 95. Kf2 {[%emt 0:00:02]} Kd3 {[%emt 0:00:02]} 96. Rd8+ {[%emt 0:00:04]} Ke4 {[%emt 0:00:02]} 97. Ra8 {[%emt 0:00:03]} Rd5 {[%emt 0:00:08]} 98. Re8+ {[%emt 0:00:04]} Kd4 {[%emt 0:00:03]} 99. Ra8 {[%emt 0:00:02]} Kd3 {[%emt 0:00:09]} 100. Rb8 {[%emt 0:00:05]} Ra5 {[%emt 0:00:20]} 101. Rd8+ {[%emt 0:00:04]} Ke4 {[%emt 0:00:01]} 102. Re8+ {[%emt 0:00:03]} Kd5 {[%emt 0:00:02]} 103. Rd8+ {[%emt 0:00:04]} Ke6 {[%emt 0:00:02]} 104. Re8+ {[%emt 0:00:02]} Kf6 {[%emt 0:00:03]} 105. Rb8 {[%emt 0:00:03]} Ra2+ {[%emt 0:00:03]} 106. Kf1 {[%emt 0:00:03]} Rc2 {[%emt 0:00:17]} 107. Re8 {[%emt 0:00:07]} Kg6 {[%emt 0:00:06]} 108. Re5 {[%emt 0:00:06]} Kg5 {[%emt 0:00:04]} 109. Ra5 {[%emt 0:00:04]} Kf6 {[%emt 0:00:05]} 110. Rb5 {[%emt 0:00:03]} Ke6 {[%emt 0:00:02]} 111. Ra5 {[%emt 0:00:03]} Rd2 {[%emt 0:00:09]} 112. Rb5 {[%emt 0:00:03]} Rd5 {[%emt 0:00:02]} 113. Rb6+ {[%emt 0:00:04]} Ke5 {[%emt 0:00:02]} 114. Ke2 {[%emt 0:00:03]} f4 {[%emt 0:00:07]} 115. gxf4+ {[%emt 0:00:27]} Kxf4 {[%emt 0:00:00]} 116. Kf2 {[%emt 0:00:06]} Rd2+ {[%emt 0:00:03]} 117. Kg1 {[%emt 0:00:09]} Rd4 {[%emt 0:00:12]} 118. Rb3 {[%emt 0:00:06]} Re4 {[%emt 0:00:02]} 119. Kg2 {[%emt 0:00:04]} Re2+ {[%emt 0:00:08]} 120. Kg1 {[%emt 0:00:05]} Kg5 {[%emt 0:00:16]} 121. Ra3 {[%emt 0:00:06]} Kh4 {[%emt 0:00:02]} 122. Rb3 {[%emt 0:00:05]} Re4 {[%emt 0:00:06]} 123. Ra3 {[%emt 0:00:08]} Kg5 {[%emt 0:00:15]} 124. Kg2 {[%emt 0:00:11]} Kf4 {[%emt 0:00:01]} 125. Kg1 {[%emt 0:00:04]} Re3 {[%emt 0:00:03]} 126. Rxe3 {[%emt 0:00:08]} Kxe3 {[%emt 0:00:00]} 127. Kg2 {[%emt 0:00:03]} Kf4 {[%emt 0:00:01]} 128. Kf2 {[%emt 0:00:02]} g3+ {[%emt 0:00:01]} 129. Kg2 {[%emt 0:00:02]} Kg4 {[%emt 0:00:00]} 130. Kg1 {[%emt 0:00:04]} Kh4 {[%emt 0:00:01]} 131. Kg2 {[%emt 0:00:04]} Kg4 {[%emt 0:00:07]} 1/2-1/2

[Event "European Online Club-ch-B 2021"]
[Site "Online"]
[Date "2021.03.27"]
[Round "8.20"]
[White "Veinberg, Nimrod"]
[Black "De Rover, Yong Hoon"]
[Result "1-0"]
[WhiteElo "2404"]
[BlackElo "2349"]
[Annotator "NA"]
[PlyCount "61"]
[EventDate "2021.03.27"]
[EventType "team-tourn"]
[EventCountry "NET"]
[SourceTitle "playchess.com"]
[Source "ChessBase"]
[SourceQuality "1"]
[TimeControl "900+5"]

1. d4 {[%emt 0:00:00]} Nf6 {[%emt 0:00:05]} 2. c4 {[%emt 0:00:02]} e6 {[%emt 0:00:24]} 3. Nc3 {[%emt 0:00:03]} Bb4 {[%emt 0:00:10]} 4. Qc2 {[%emt 0:00:01]} d5 {[%emt 0:00:12]} 5. cxd5 {[%emt 0:00:02]} Qxd5 {[%emt 0:00:07]} 6. e3 {[%emt 0:00:03]} c5 {[%emt 0:00:18]} 7. a3 {[%emt 0:00:29]} Bxc3+ {[%emt 0:00:53]} 8. bxc3 {[%emt 0:00:06]} O-O {[%emt 0:01:09]} 9. Nf3 {[%emt 0:00:03]} b6 {[%emt 0:01:06]} 10. c4 {[%emt 0:00:04]} Qd6 {[%emt 0:01:23]} 11. e4 {[%emt 0:00:07]} Qc7 {[%emt 0:00:34]} 12. Bd3 {[%emt 0:00:12]} h6 {[%emt 0:00:46]} 13. d5 {[%emt 0:00:45]} exd5 {[%emt 0:00:05]} 14. cxd5 {[%emt 0:00:28]} c4 {[%emt 0:01:58]} 15. Bb2 {[%emt 0:03:20]} Qe7 {[%emt 0:02:01]} 16. Bxc4 {[%emt 0:01:10]} Qxe4+ {[%emt 0:00:09]} 17. Qxe4 {[%emt 0:00:02]} Nxe4 {[%emt 0:00:00]} 18. O-O {[%emt 0:00:02]} Nd6 {[%emt 0:00:38]} 19. Ba2 {[%emt 0:00:14]} Ba6 {[%emt 0:00:58]} 20. Rfc1 {[%emt 0:00:05]} Nd7 {[%emt 0:00:26]} 21. Rc6 {[%emt 0:00:05]} Ne4 {[%emt 0:00:12]} 22. d6 {[%emt 0:01:27]} Ndc5 {[%emt 0:01:31]} 23. Ne5 {[%emt 0:01:40]} Bb5 {[%emt 0:00:21]} 24. Rc7 {[%emt 0:00:06]} Nxd6 {[%emt 0:00:09]} 25. Rd1 {[%emt 0:00:03]} Rad8 {[%emt 0:00:16]} 26. h3 {[%emt 0:01:27]} a5 {[%emt 0:00:17]} 27. Ng6 {[%emt 0:01:54]} Nc4 {[%emt 0:00:39]} 28. Ne7+ {[%emt 0:00:21]} Kh8 {[%emt 0:00:18]} 29. Rxd8 {[%emt 0:00:43]} Rxd8 {[%emt 0:00:04]} 30. Bxc4 {[%emt 0:00:00]} Bxc4 {[%emt 0:00:04]} 31. Nf5 {[%emt 0:00:02]} 1-0

[Event "European Online Club-ch-B 2021"]
[Site "Online"]
[Date "2021.03.27"]
[Round "9.1"]
[White "Gorodetzky, David"]
[Black "Chlpik, Martin"]
[Result "1-0"]
[WhiteElo "2495"]
[BlackElo "2199"]
[Annotator "ChessBase"]
[PlyCount "129"]
[EventDate "2021.03.27"]
[EventType "team-tourn"]
[EventCountry "NET"]
[SourceTitle "playchess.com"]
[Source "ChessBase"]
[SourceQuality "1"]
[TimeControl "900+5"]

1. f4 {[%emt 0:00:00]} Nf6 {[%emt 0:00:25]} 2. Nf3 {[%emt 0:00:02]} g6 {[%emt 0:00:02]} 3. g3 {[%emt 0:00:02]} Bg7 {[%emt 0:00:02]} 4. Bg2 {[%emt 0:00:02]} O-O {[%emt 0:00:00]} 5. O-O {[%emt 0:00:00]} d6 {[%emt 0:00:02]} 6. d3 {[%emt 0:00:02]} c5 {[%emt 0:00:05]} 7. e4 {[%emt 0:00:06]} Nc6 {[%emt 0:00:03]} 8. Kh1 {[%emt 0:00:04]} Rb8 {[%emt 0:00:35]} 9. a4 {[%emt 0:00:05]} a6 {[%emt 0:00:03]} 10. c3 {[%emt 0:00:07]} b5 {[%emt 0:00:10]} 11. axb5 {[%emt 0:00:03]} axb5 {[%emt 0:00:00]} 12. Qc2 {[%emt 0:00:00]} Bd7 {[%emt 0:00:49]} 13. Be3 {[%emt 0:00:03]} Qc8 {[%emt 0:00:43]} 14. Nbd2 {[%emt 0:00:10]} b4 {[%emt 0:00:22]} 15. Nc4 {[%emt 0:00:11]} Bh3 {[%emt 0:00:38]} 16. Bg1 {[%emt 0:00:10]} Bxg2+ {[%emt 0:00:11]} 17. Kxg2 {[%emt 0:00:03]} bxc3 {[%emt 0:00:15]} 18. bxc3 {[%emt 0:00:03]} Nd7 {[%emt 0:00:29]} 19. Ra3 {[%emt 0:00:20]} Nb6 {[%emt 0:00:24]} 20. Ncd2 {[%emt 0:00:09]} Ra8 {[%emt 0:01:51]} 21. Rfa1 {[%emt 0:00:12]} Qb7 {[%emt 0:00:53]} 22. Qb3 {[%emt 0:00:14]} Rxa3 {[%emt 0:00:23]} 23. Rxa3 {[%emt 0:00:03]} Rb8 {[%emt 0:00:03]} 24. Ng5 {[%emt 0:00:28]} e6 {[%emt 0:01:04]} 25. Qa2 {[%emt 0:00:03]} h6 {[%emt 0:00:17]} 26. Ngf3 {[%emt 0:00:04]} Ra8 {[%emt 0:01:09]} 27. Rxa8+ {[%emt 0:00:15]} Nxa8 {[%emt 0:00:11]} 28. Nc4 {[%emt 0:00:09]} Bf8 {[%emt 0:01:06]} 29. g4 {[%emt 0:00:52]} Nc7 {[%emt 0:00:09]} 30. h4 {[%emt 0:00:11]} Nb5 {[%emt 0:00:09]} 31. Qb3 {[%emt 0:00:05]} d5 {[%emt 0:00:29]} 32. Ncd2 {[%emt 0:00:45]} Na5 {[%emt 0:01:34]} 33. Qa4 {[%emt 0:00:30]} Qb6 {[%emt 0:00:05]} 34. Qc2 {[%emt 0:00:31]} Qc7 {[%emt 0:00:38]} 35. Be3 {[%emt 0:00:26]} c4 {[%emt 0:00:17]} 36. d4 {[%emt 0:00:13]} Nb3 {[%emt 0:00:22]} 37. exd5 {[%emt 0:00:56]} exd5 {[%emt 0:00:03]} 38. f5 {[%emt 0:00:01]} Qa5 {[%emt 0:00:18]} 39. fxg6 {[%emt 0:00:30]} Qxc3 {[%emt 0:00:03]} 40. Qf5 {[%emt 0:00:12]} Nd6 {[%emt 0:00:28]} 41. gxf7+ {[%emt 0:00:23]} Nxf7 {[%emt 0:00:02]} 42. Bf4 {[%emt 0:00:15]} Nxd4 {[%emt 0:00:38]} 43. Qxd5 {[%emt 0:00:06]} Ne2 {[%emt 0:00:21]} 44. Bh2 {[%emt 0:00:43]} Qd3 {[%emt 0:00:03]} 45. Qxc4 {[%emt 0:00:20]} Qxc4 {[%emt 0:00:02]} 46. Nxc4 {[%emt 0:00:00]} Nc3 {[%emt 0:00:02]} 47. Ne3 {[%emt 0:00:08]} Ne4 {[%emt 0:00:04]} 48. Bf4 {[%emt 0:00:06]} Kh7 {[%emt 0:00:05]} 49. Nd5 {[%emt 0:00:06]} Kg6 {[%emt 0:00:09]} 50. Be3 {[%emt 0:00:10]} Kh7 {[%emt 0:00:29]} 51. Kf1 {[%emt 0:00:25]} Bg7 {[%emt 0:00:08]} 52. Bf4 {[%emt 0:00:12]} Nf6 {[%emt 0:00:06]} 53. Nxf6+ {[%emt 0:00:24]} Bxf6 {[%emt 0:00:00]} 54. h5 {[%emt 0:00:01]} Nd8 {[%emt 0:00:14]} 55. Ke2 {[%emt 0:00:02]} Ne6 {[%emt 0:00:02]} 56. Be3 {[%emt 0:00:01]} Be7 {[%emt 0:00:07]} 57. Kd3 {[%emt 0:00:04]} Kg7 {[%emt 0:00:07]} 58. Ke4 {[%emt 0:00:02]} Nf8 {[%emt 0:00:02]} 59. Nd4 {[%emt 0:00:07]} Kh7 {[%emt 0:00:14]} 60. Nf5 {[%emt 0:00:08]} Bg5 {[%emt 0:00:01]} 61. Bxg5 {[%emt 0:00:06]} hxg5 {[%emt 0:00:00]} 62. Nd4 {[%emt 0:00:01]} Kh6 {[%emt 0:00:03]} 63. Kf5 {[%emt 0:00:04]} Nh7 {[%emt 0:00:01]} 64. Ne6 {[%emt 0:00:05]} Nf8 {[%emt 0:00:09]} 65. Nxf8 {[%emt 0:00:04]} 1-0

[Event "European Online Club-ch-B 2021"]
[Site "Online"]
[Date "2021.03.27"]
[Round "9.2"]
[White "Solcan, Martin"]
[Black "Parkhov, Yair"]
[Result "0-1"]
[WhiteElo "2076"]
[BlackElo "2407"]
[Annotator "NA"]
[PlyCount "148"]
[EventDate "2021.03.27"]
[EventType "team-tourn"]
[EventCountry "NET"]
[SourceTitle "playchess.com"]
[Source "ChessBase"]
[SourceQuality "1"]
[TimeControl "900+5"]

1. g3 {[%emt 0:00:00]} d5 {[%emt 0:00:04]} 2. Bg2 {[%emt 0:00:03]} e5 {[%emt 0:00:01]} 3. c4 {[%emt 0:00:01]} d4 {[%emt 0:00:02]} 4. d3 {[%emt 0:00:02]} Nf6 {[%emt 0:00:06]} 5. Bg5 {[%emt 0:00:03]} Nbd7 {[%emt 0:00:05]} 6. Nf3 {[%emt 0:00:03]} Be7 {[%emt 0:00:55]} 7. O-O {[%emt 0:00:04]} h6 {[%emt 0:00:16]} 8. Bxf6 {[%emt 0:00:01]} Bxf6 {[%emt 0:00:00]} 9. b4 {[%emt 0:00:10]} a5 {[%emt 0:00:08]} 10. b5 {[%emt 0:00:06]} Nc5 {[%emt 0:00:31]} 11. a4 {[%emt 0:00:05]} O-O {[%emt 0:00:35]} 12. Nbd2 {[%emt 0:00:03]} Bg4 {[%emt 0:01:58]} 13. Nb3 {[%emt 0:00:09]} Nxb3 {[%emt 0:01:30]} 14. Qxb3 {[%emt 0:00:03]} c5 {[%emt 0:00:01]} 15. bxc6 {[%emt 0:00:19]} bxc6 {[%emt 0:00:02]} 16. Rab1 {[%emt 0:00:09]} Rb8 {[%emt 0:00:08]} 17. Qc2 {[%emt 0:00:38]} Qc7 {[%emt 0:01:16]} 18. h3 {[%emt 0:00:17]} Bd7 {[%emt 0:00:32]} 19. Nd2 {[%emt 0:01:14]} Be7 {[%emt 0:01:02]} 20. c5 {[%emt 0:00:48]} Qa7 {[%emt 0:00:50]} 21. Rfc1 {[%emt 0:01:19]} Rxb1 {[%emt 0:00:23]} 22. Rxb1 {[%emt 0:01:18]} Bxc5 {[%emt 0:00:09]} 23. Nb3 {[%emt 0:02:38]} Bb4 {[%emt 0:00:07]} 24. Rc1 {[%emt 0:01:38]} Bc3 {[%emt 0:00:24]} 25. Nd2 {[%emt 0:00:39]} Rb8 {[%emt 0:00:34]} 26. Ne4 {[%emt 0:00:42]} Rb2 {[%emt 0:00:04]} 27. Qd1 {[%emt 0:00:02]} Bb4 {[%emt 0:00:09]} 28. Rc2 {[%emt 0:00:14]} Rxc2 {[%emt 0:00:02]} 29. Qxc2 {[%emt 0:00:01]} Qb6 {[%emt 0:00:14]} 30. Qb3 {[%emt 0:00:11]} Be6 {[%emt 0:00:07]} 31. Qb2 {[%emt 0:00:06]} f5 {[%emt 0:00:37]} 32. Nd6 {[%emt 0:00:08]} Qc5 {[%emt 0:00:03]} 33. Nb7 {[%emt 0:00:11]} Qc3 {[%emt 0:00:04]} 34. Qb1 {[%emt 0:00:18]} c5 {[%emt 0:01:21]} 35. Nd8 {[%emt 0:00:23]} Bb3 {[%emt 0:00:33]} 36. Nc6 {[%emt 0:00:17]} Qe1+ {[%emt 0:00:27]} 37. Qxe1 {[%emt 0:00:05]} Bxe1 {[%emt 0:00:00]} 38. Nxe5 {[%emt 0:00:02]} Bxa4 {[%emt 0:00:20]} 39. Bd5+ {[%emt 0:00:03]} Kf8 {[%emt 0:00:24]} 40. Be6 {[%emt 0:01:08]} Ke7 {[%emt 0:02:01]} 41. Bxf5 {[%emt 0:00:10]} Kd6 {[%emt 0:00:03]} 42. Nc4+ {[%emt 0:00:06]} Kc7 {[%emt 0:00:04]} 43. e4 {[%emt 0:00:57]} Bb3 {[%emt 0:00:12]} 44. e5 {[%emt 0:00:30]} a4 {[%emt 0:00:06]} 45. e6 {[%emt 0:00:33]} Bxc4 {[%emt 0:00:02]} 46. dxc4 {[%emt 0:00:01]} Kd6 {[%emt 0:00:04]} 47. Kf1 {[%emt 0:00:04]} Bc3 {[%emt 0:00:04]} 48. f4 {[%emt 0:00:11]} a3 {[%emt 0:00:02]} 49. Bb1 {[%emt 0:00:03]} Kxe6 {[%emt 0:00:01]} 50. Ke2 {[%emt 0:00:02]} Kf6 {[%emt 0:00:06]} 51. Kf3 {[%emt 0:00:15]} d3 {[%emt 0:00:11]} 52. Ke3 {[%emt 0:00:08]} d2 {[%emt 0:00:02]} 53. Ke2 {[%emt 0:00:02]} Ke6 {[%emt 0:00:11]} 54. Kd1 {[%emt 0:00:13]} Bb4 {[%emt 0:00:05]} 55. Ke2 {[%emt 0:00:05]} Ke7 {[%emt 0:00:06]} 56. Kd1 {[%emt 0:00:06]} Kd6 {[%emt 0:00:03]} 57. Ke2 {[%emt 0:00:02]} Kc7 {[%emt 0:00:02]} 58. Kd1 {[%emt 0:00:02]} Bc3 {[%emt 0:00:02]} 59. Ba2 {[%emt 0:00:12]} Kd6 {[%emt 0:00:09]} 60. Bb1 {[%emt 0:00:02]} Ke6 {[%emt 0:00:02]} 61. Ke2 {[%emt 0:00:02]} Kf6 {[%emt 0:00:01]} 62. Kd1 {[%emt 0:00:03]} g5 {[%emt 0:00:01]} 63. Ke2 {[%emt 0:00:38]} h5 {[%emt 0:00:09]} 64. fxg5+ {[%emt 0:00:05]} Kxg5 {[%emt 0:00:02]} 65. Kd1 {[%emt 0:00:02]} h4 {[%emt 0:00:07]} 66. gxh4+ {[%emt 0:00:04]} Kxh4 {[%emt 0:00:01]} 67. Ke2 {[%emt 0:00:10]} Kxh3 {[%emt 0:00:02]} 68. Kd1 {[%emt 0:00:02]} Kg3 {[%emt 0:00:01]} 69. Ke2 {[%emt 0:00:03]} Kf4 {[%emt 0:00:01]} 70. Ba2 {[%emt 0:00:07]} Ke4 {[%emt 0:00:04]} 71. Bb3 {[%emt 0:00:03]} Kd4 {[%emt 0:00:03]} 72. Ba2 {[%emt 0:00:05]} Bb4 {[%emt 0:00:01]} 73. Kd1 {[%emt 0:00:07]} Kc3 {[%emt 0:00:02]} 74. Bb1 {[%emt 0:00:05]} Kb2 {[%emt 0:00:04]} 0-1

[Event "European Online Club-ch-B 2021"]
[Site "Online"]
[Date "2021.03.27"]
[Round "9.3"]
[White "Veinberg, Nimrod"]
[Black "Lecky, Juraj"]
[Result "1-0"]
[WhiteElo "2404"]
[BlackElo "2070"]
[Annotator "NA"]
[PlyCount "51"]
[EventDate "2021.03.27"]
[EventType "team-tourn"]
[EventCountry "NET"]
[SourceTitle "playchess.com"]
[Source "ChessBase"]
[SourceQuality "1"]
[TimeControl "900+5"]

1. d4 {[%emt 0:00:00]} Nf6 {[%emt 0:00:03]} 2. c4 {[%emt 0:00:02]} e6 {[%emt 0:00:01]} 3. Nc3 {[%emt 0:00:01]} c5 {[%emt 0:00:26]} 4. d5 {[%emt 0:00:02]} exd5 {[%emt 0:00:01]} 5. cxd5 {[%emt 0:00:00]} d6 {[%emt 0:00:01]} 6. e4 {[%emt 0:00:01]} g6 {[%emt 0:00:01]} 7. f4 {[%emt 0:00:02]} Bg7 {[%emt 0:00:01]} 8. Bb5+ {[%emt 0:00:04]} Nfd7 {[%emt 0:00:02]} 9. a4 {[%emt 0:00:01]} O-O {[%emt 0:00:04]} 10. Nf3 {[%emt 0:00:03]} Na6 {[%emt 0:00:03]} 11. O-O {[%emt 0:00:01]} Nb4 {[%emt 0:00:01]} 12. Be3 {[%emt 0:00:02]} a6 {[%emt 0:00:08]} 13. Be2 {[%emt 0:00:02]} Qe7 {[%emt 0:01:39]} 14. Bf2 {[%emt 0:00:12]} f5 {[%emt 0:00:15]} 15. e5 {[%emt 0:01:30]} dxe5 {[%emt 0:01:15]} 16. d6 {[%emt 0:00:04]} Qe8 {[%emt 0:00:01]} 17. Bc4+ {[%emt 0:00:03]} Kh8 {[%emt 0:00:04]} 18. fxe5 {[%emt 0:00:23]} Nxe5 {[%emt 0:00:25]} 19. Nxe5 {[%emt 0:00:43]} Bxe5 {[%emt 0:00:12]} 20. Bxc5 {[%emt 0:00:17]} Nc6 {[%emt 0:03:57]} 21. Nd5 {[%emt 0:00:17]} Qf7 {[%emt 0:01:28]} 22. Nb6 {[%emt 0:00:15]} Be6 {[%emt 0:00:06]} 23. Bxe6 {[%emt 0:00:05]} Qxe6 {[%emt 0:00:03]} 24. Nxa8 {[%emt 0:01:49]} Rxa8 {[%emt 0:00:05]} 25. Re1 {[%emt 0:00:16]} Qf6 {[%emt 0:00:05]} 26. d7 {[%emt 0:00:26]} 1-0